| 000 | 00397cam a2200169ua 4500 | ||
|---|---|---|---|
| 020 | _cRs. 2.00 | ||
| 041 |
_amal _h |
||
| 082 |
_a923.7 _bSRE/RA |
||
| 100 | _aSridharan, P C . | ||
| 245 | _aRadhakrishnan | ||
| 260 |
_aKottayam : _bSahitya Pravarthaka Co-operative Society , _c1963. |
||
| 300 | _a191 ; . | ||
| 365 | _aRs. 2.00 | ||
| 504 | _a | ||
| 942 | _cBK | ||
| 999 |
_c4487 _d4487 |
||